MARC

LEADER 00000nam0a2200000 4500
001 282418
005 20231031233050.0
035 |a (RuTPU)RU\TPU\book\306309 
090 |a 282418 
100 |a 20150130d1982 k y0rusy5003 ca 
101 0 |a rus 
102 |a RU 
105 |a y z 001zy 
200 1 |a Пакеты прикладных программ. Проблемы и перспективы  |f Академия наук СССР (АН СССР), Вычислительный центр ; под ред. А. А. Самарского 
210 |a Москва  |c Наука  |d 1982 
215 |a 142 с. 
225 1 |a Алгоритмы и алгоритмические языки 
320 |a Библиогр. в конце ст. 
606 1 |a Цифровые вычислительные машины  |2 stltpush  |3 (RuTPU)RU\TPU\subj\18465 
610 1 |a программы 
610 1 |a обработка 
610 1 |a проблемы 
610 1 |a перспективы 
675 |a 681.3.06  |z rus  |v 3 
702 1 |a Самарский  |b А. А.  |g Александр Андреевич  |4 340 
712 0 2 |a Академия наук СССР (АН СССР)  |b Вычислительный центр  |2 stltpush  |3 (RuTPU)RU\TPU\col\11481 
801 0 |a RU  |b RuMRKP  |c 19950704  |g psbo 
801 1 |a RU  |b 63413507  |c 20150130 
801 2 |a RU  |b 63413507  |c 20170502  |g RCR 
942 |c BK